| 000 | 00403nam a2200145 a 4500 | ||
|---|---|---|---|
| 001 | 000030692 | ||
| 005 | 20240305111025.0 | ||
| 008 | 110526s1947 pe r 000 0 spa d | ||
| 040 |
_aDO-SdBNP _bspa _cBNPHU |
||
| 082 |
_axxxx _bV864p |
||
| 100 | 1 |
_aVizardi, Ligio _d1895-1968 _937744 |
|
| 245 | 1 | 0 |
_aPoemario. / _cLigio Vizardi. |
| 260 |
_aLima, PerĂº : _bTorre Aguirre, _c1947. |
||
| 300 |
_a155 p. ; _c25 cm. |
||
| 999 |
_c30184 _d30184 |
||